| 000 | 00549nam a2200169 i 4500 | ||
|---|---|---|---|
| 001 | 60070 | ||
| 003 | ES-MaACL | ||
| 005 | 20250823063039.0 | ||
| 007 | t| | ||
| 008 | 031103s1933 sp ||||1| spa d | ||
| 100 | 1 |
_aEscario, José Luis, _d1895-1971 _947511 |
|
| 245 | 1 | 0 |
_aSaneamientos de poblaciones y depuración de aguas residuarias / _cpor José Luis Escario. |
| 260 |
_aMadrid : _bRomo, _c1933 ( _fTalleres Gráficos Herrera) |
||
| 300 |
_a303 p., 54 lám. : _bil. ; _c23 cm. |
||
| 852 |
_aES-MaACL _jE-1520 |
||
| 999 |
_c60070 _d60070 |
||